NBL1 Teams - Statistics

General Stats
  • This quiz has been taken 35 times
  • The average score is 26 of 74
Answer Stats
Answer % Correct
Melbourne Tigers
75%
Southern Tigers
75%
Willetton Tigers
71%
Diamond Valley Eagles
63%
Forestville Eagles
63%
Illawarra Hawks
63%
Perry Lakes Hawks
63%
Ringwood Hawks
63%
East Perth Eagles
58%
Central District Lions
54%
Keilor Thunder
50%
Logan Thunder
50%
Norwood Flames
50%
Gold Coast Rollers
46%
North Adelaide Rockets
46%
Rockhampton Rockets
46%
Rockingham Flames
46%
Brisbane Capitals
42%
Eastern Suns
42%
Geelong United
42%
Inner West Bulls
42%
Knox Raiders
42%
Ballarat Miners
38%
Bendigo Braves
38%
Dandenong Rangers
38%
Frankston Blues
38%
Joondalup Wolves
38%
Norths Bears
38%
Northside Wizards
38%
South West Metro Pirates
38%
Waverley Falcons
38%
Darwin Salties
33%
Eastern Mavericks
33%
Hills Hornets
33%
Lakeside Lightning
33%
Mackay Meteors
33%
Newcastle Falcons
33%
Sandringham Sabres
33%
South Adelaide Panthers
33%
Sturt Sabres
33%
Cockburn Cougars
29%
Geraldton Buccaneers
29%
Goldfields Giants
29%
Ipswich Force
29%
Mandurah Magic
29%
Nunawading Spectres
29%
Penrith Panthers
29%
Townsville Heat
29%
Albury-Wodonga Bandits
25%
Bankstown Bruins
25%
Cairns Marlins
25%
Casey Cavaliers
25%
Kilsyth Cobras
25%
Maitland Mustangs
25%
Mount Gambier Pioneers
25%
Southern Districts Spartans
25%
Sunshine Coast Phoenix
25%
Sydney Comets
25%
West Adelaide Bearcats
25%
Woodville Warriors
25%
Canberra Gunners
21%
Centre of Excellence
21%
Hobart Chargers
21%
Hornsby Ku-ring-gai Spiders
21%
North Gold Coast Seahawks
21%
South West Slammers
21%
Sutherland Sharks
21%
Warwick Senators
21%
Central Coast Crusaders
17%
Perth Redbacks
17%
Manly Warringah Sea Eagles
13%
North West Tasmania
8%
Red City Roar
8%
University of the Sunshine Coast Rip City
8%
No matching quizzes found
Score Distribution
Percent of People with Each Score
Percentile by Number Answered
Your Score History
You have not taken this quiz